000 01482cam a22002891i 4500
003 SA-RiAUC
005 20241208084236.0
008 241205s2004 mr g 00000cara c
040 _aSA-JeALM
_bara
_cSA-RiAUC
_erda
043 _af-mr---
082 0 4 _a234.6
090 _a234.6
_bك ت ا
100 1 _aالكتاني، جعفر بن إدريس الحسني،
_d1246-1323 هجري
_eمؤلف.
245 1 0 _aفهرسة جعفر بن إدريس الكتاني، المسماة، إعلام أئمة الأعلام وأساتيذها بما لنا من المرويات وأسانيدها ؛
_bويليها فهرسته الصغرى /
_cتأليف أبي المواهب جعفر بن إدريس بن الطائع الكتاني ؛ دراسة وتحقيق محمد بن عزوز.
246 3 3 _aإعلام أئمة الأعلام وأساتيذها بما لنا من المرويات وأسانيدها
250 _aالطبعة الأولى.
264 1 _aالدار البيضاء، المغرب :
_bمركز التراث الثقافي المغربي،
_c2004
300 _a317 صفحة ؛
_c24 سم
336 _aنص
_btxt
_2rdacontent
_3كتاب
337 _aبدون وسيط
_bn
_2rdamedia
338 _aمجلد
_bnc
_2rdacarrier
650 7 _aالحديث
_xتراجم الرواة
_zالمغرب
_2aucsh
700 1 _aبن عزوز، محمد
_eمحقق.
740 2 2 _aالفهرسة الصغرى.
942 _2ddc
_cBOOK
_n0
949 _aSA-JeALM
_d241205
_uosman123
_n1
999 _c3105
_d3105